Conceptos en la definición de un sistema de información de administración del Recurso Humano

En base a un análisis estructurado y descriptivo, el trabajo relaciona los conceptos que se deben considerar en la definición de un Sistema de Información de Administración del Recurso Humano. Esta conceptualización está basada en la importancia que tiene este recurso en la organización de una empre...

Full description

Bibliographic Details
Main Author: Núñez Apey, Nelson
Other Authors: Canales Pérez, Alamiro profesor guía
Format: Tesis
Language:Spanish
Published: Santiago, Chile: Universidad Academia de Humanismo Cristiano, 1992.
Subjects:
Online Access:Disponible en línea (PDF). Biblioteca Digital UAHC

MARC

LEADER 00000nmm a22000007a 4500
001 044554
003 UAHC_CL
005 20230118135745.0
008 010822b cl o d 000 spa
040 |a UAHC_CL  |c UAHC_CL  |d UAHC_CL 
100 1 |a Núñez Apey, Nelson 
245 1 0 |a Conceptos en la definición de un sistema de información de administración del Recurso Humano  |c Nelson Núñez Apey ; profesor guía Alamiro Canales Pérez. 
260 |a Santiago, Chile:  |b Universidad Academia de Humanismo Cristiano,  |c 1992. 
300 |a 66 páginas. 
500 |a Tesis para optar al título de Ingeniero/a Comercial y al grado de Licenciado/a en Ciencias en la Administración de Empresas. 
502 |a Tesis (Ingeniería Comercial). -- Universidad Academia de Humanismo Cristiano. 
516 |a Tesis electrónica (PDF). Solicitar envío de documento a biblioteca@academia.cl. 
520 |a En base a un análisis estructurado y descriptivo, el trabajo relaciona los conceptos que se deben considerar en la definición de un Sistema de Información de Administración del Recurso Humano. Esta conceptualización está basada en la importancia que tiene este recurso en la organización de una empresa y como éste asegura el cumplimiento de los objetivos de ella, siempre y cuando exista una clara relación laboral. 
650 0 |a Recursos humanos   |9 14250 
650 0 |a Administración de personal   |9 14285 
700 1 |a Canales Pérez, Alamiro  |c profesor guía 
856 |u http://bibliotecadigital.academia.cl/xmlui/handle/123456789/5891  |y Disponible en línea (PDF). Biblioteca Digital UAHC 
900 |a TINGECO 12 
942 |c TS  |2 ddc 
952 |0 0  |1 0  |4 0  |6 TINGECO_12_000000000000000  |7 0  |8 COMP  |9 82300  |a BC  |b BC  |c Digital  |d 2017-08-03  |o TINGECO 12  |r 2019-01-15 00:00:00  |w 2017-08-03  |y TS  |z Documento en PDF  |B ICOM 
999 |c 44554  |d 44554